Suomen keskimmäiset - Statistics

Yleistilastot
  • Tätä visaa on pelattu 38 kertaa
  • Keskiarvotulos 5 / 10
Vastaustilastot
% Oikein
Tupu-Hupu-Lupu -ketjun keskushyökkääjä Saku Koivu
81%
Keskimmäinen eduskuntapuolue poliittisella arvokartalla Keskusta
77%
Keskimmäinen maakunta Keski-Suomi
74%
Liikennekäytössä olevien henkilöautojen keski-ikä 13 vuotta
65%
Keskimmäinen tasavallan presidentti (kronologinen järjestys, tilanne 2026) Juho Kusti Paasikivi
65%
Keskimmäinen oikeusaste Suomen oikeusjärjestelmässä Hovioikeus
48%
Keskimmäinen valtatie itä-länsisuunnassa Valtatie 4 / E75 / Helsinki-Utsjoki
16%
Keskimmäinen joki pohjois-eteläsuunnassa Iijoki
10%
Keskimmäinen Suomen kunta (maantieteellinen keskipiste) Puolanka
10%
Keskimmäinen valtatie pohjois-eteläsuunnassa Valtatie 20 / Oulu-Kuusamo
6%
Ehtoja vastaavia visoja ei löytynyt
Tulosjakauma
Jokaisen tuloksen saaneiden osuus
Persentiili vastausten määrän mukaan
Tuloshistoriasi
Et ole pelannut tätä visaa